El concepto de lo femenino a través del hombre y de la mujer árabes / (Record no. 9033)
[ view plain ]
| 000 -LEADER | |
|---|---|
| campo de control de longitud fija | 01151nam a2200265 i 4500 |
| 001 - NÚMERO DE CONTROL | |
| campo de control | 9033 |
| 003 - IDENTIFICADOR DE NÚMERO DE CONTROL | |
| campo de control | ES-MaACL |
| 005 - FECHA Y HORA DE LA ÚLTIMA TRANSACCIÓN | |
| campo de control | 20250828092113.0 |
| 007 - CAMPO FIJO DE DESCRIPCIÓN FÍSICA--INFORMACIÓN GENERAL | |
| campo de control de longitud fija | t| |
| 008 - DATOS DE LONGITUD FIJA--INFORMACIÓN GENERAL | |
| campo de control de longitud fija | 930201s1983 sp ||||1| spa d |
| 080 ## - NÚMERO DE LA CLASIFICACIÓN DECIMAL UNIVERSAL | |
| Número de la Clasificación Decimal Universal | 347.15/.17-055.2:348.9:297 |
| 080 ## - NÚMERO DE LA CLASIFICACIÓN DECIMAL UNIVERSAL | |
| Número de la Clasificación Decimal Universal | 308-055.2:297 |
| 080 ## - NÚMERO DE LA CLASIFICACIÓN DECIMAL UNIVERSAL | |
| Número de la Clasificación Decimal Universal | 392.3(5/6:297) |
| 100 1# - ENTRADA PRINCIPAL--NOMBRE DE PERSONA | |
| Nombre de persona | Cabello, Encarna. |
| 9 (RLIN) | 33168 |
| 245 13 - MENCIÓN DEL TÍTULO | |
| Título | El concepto de lo femenino a través del hombre y de la mujer árabes / |
| Mención de responsabilidad, etc. | por Encarnación Cabello Sanz. |
| 260 ## - PUBLICACIÓN, DISTRIBUCIÓN, ETC. | |
| Lugar de publicación, distribución, etc. | Melilla : |
| Nombre del editor, distribuidor, etc. | Servicio de Publicaciones de la Uned de Melilla, |
| Fecha de publicación, distribución, etc. | 1983. |
| 300 ## - DESCRIPCIÓN FÍSICA | |
| Extensión | 114 p. : |
| Otras características físicas | il. ; |
| Dimensiones | 21 cm. |
| 490 1# - MENCIÓN DE SERIE | |
| Mención de serie | Publicaciones de la Universidad Nacional de Educación a Distancia, Centro Asociado de Melilla ; |
| Designación de volumen o secuencia | 7 |
| 650 #4 - PUNTO DE ACCESO ADICIONAL DE MATERIA--TÉRMINO DE MATERIA | |
| Término de materia o nombre geográfico como elemento de entrada | Mujeres- |
| Subdivisión general | Estatuto jurídico (Derecho musulmán) |
| 9 (RLIN) | 158260 |
| 650 #4 - PUNTO DE ACCESO ADICIONAL DE MATERIA--TÉRMINO DE MATERIA | |
| Término de materia o nombre geográfico como elemento de entrada | Musulmanas. |
| 9 (RLIN) | 171492 |
| 710 2# - ENTRADA AGREGADA--NOMBRE DE ENTIDAD CORPORATIVA | |
| Nombre de entidad corporativa o nombre de jurisdicción como elemento de entrada | Universidad Nacional de Educación a Distancia (España). |
| Unidad subordinada | Centro Asociado de Melilla |
| 9 (RLIN) | 7407 |
| 830 1# - PUNTO DE ACCESO ADICIONAL DE SERIE-TÍTULO UNIFORME | |
| Título uniforme | Publicaciones de la Universidad Nacional de Educación a Distancia, Centro Asociado de Melilla ; |
| Designación de volumen o secuencia | 7 |
| 9 (RLIN) | 179811 |
| 852 4# - LOCALIZACIÓN | |
| Ubicación | ES-MaACL |
| Número de control de estantería | L-16511 |
| Nota libre | - Dedicatoria autógrafa de la autora |
| Estatus retirado | Estado de pérdida | Estado de daño | No para préstamo | Biblioteca de origen | Biblioteca actual | Ubicación en estantería | Fecha de adquisición | Fuente de adquisición | Total de préstamos | Signatura topográfica completa | Código de barras | Visto por última vez | Precio de reemplazo | Tipo de ítem Koha |
|---|---|---|---|---|---|---|---|---|---|---|---|---|---|---|
| Biblioteca del Ateneo de Madrid | Biblioteca del Ateneo de Madrid | Depósito 2 | 17/01/2008 | L-16511 | 1009221 | 23/02/2023 | 23/02/2023 | Libro impreso |
